000 00786nam a22002177a 4500
005 20081020094230.0
008 081020t xxu||||| |||| 00| 0 eng d
010 _aENG-84120
020 _a8184240569
020 _c450.00 (hb)
035 _aEN-67653
082 _a378.9541
100 _aVanlalchhawna
245 _aHigher education in North-East India:
_bunit cost analysis /
_cby Vanlalchhawna
260 _aNew Delhi
_bMittal Publications
260 _c2006
300 _axvi,204p
_c22cm
500 _aIncludes bibliographical references and index
942 _2ddc
_cEN
_h378.9541
_mVAN
999 _c17086
_d17086